[Event "Aeroflot Open 2011 B"]
[Site "Moscu RUS"]
[Date "2011.02.11"]
[Round "4.45"]
[White "Bajt, Indira"]
[Black "Carlstedt, Jonathan"]
[Result "1-0"]
[WhiteElo "2215"]
[BlackElo "2409"]
[PlyCount "167"]
[EventDate "2011.02.08"]
[EventType "swiss"]
[EventRounds "9"]
[EventCountry "RUS"]
[Source "lmi"]
[SourceDate "2011.02.08"]

1. e4 c5 2. Nf3 d6 3. d4 cxd4 4. Nxd4 Nf6 5. Nc3 g6 6. g3 Bg7 7. Bg2 O-O 8. O-O
Bg4 9. f3 Bd7 10. Be3 Nc6 11. Nde2 Rc8 12. Qd2 Qa5 13. Rad1 Rfd8 14. h3 Ne5 15.
b3 Bc6 16. Nd5 Qxd2 17. Rxd2 Re8 18. f4 Ned7 19. Nd4 Nh5 20. Kh2 e5 21. fxe5
Bxe5 22. Bf2 Nc5 23. c4 Kg7 24. Bf3 Bxd5 25. exd5 Nf6 26. Re1 h5 27. Kg2 a6 28.
Ree2 Rc7 29. b4 Ncd7 30. Rc2 Rec8 31. c5 Rb8 32. c6 bxc6 33. dxc6 Nb6 34. a3
Nbd5 35. Red2 h4 36. gxh4 Nf4+ 37. Kf1 d5 38. Nb3 Nxh3 39. Be3 Bf4 40. Bd4 Bxd2
41. Nxd2 Nf4 42. Be5 Ne6 43. Bxd5 Rb5 44. Bxc7 Nxc7 45. Bg2 Ng4 46. Nc4 a5 47.
Bh3 Rf5+ 48. Kg2 axb4 49. axb4 Rf6 50. Bxg4 Rxc6 51. Ne3 Rxc2+ 52. Nxc2 f5 53.
Bf3 Kf6 54. Nd4 g5 55. hxg5+ Kxg5 56. b5 Nxb5 57. Nxb5 Kf4 58. Kf2 Ke5 59. Ke3
f4+ 60. Kd3 Kf5 61. Kd4 Ke6 62. Ke4 Kf6 63. Kxf4 Ke6 64. Ke4 Kf6 65. Nd6 Ke6
66. Nf5 Kf6 67. Nd4 Kg5 68. Ke5 Kg6 69. Ne6 Kf7 70. Bh5+ Ke7 71. Nd4 Kd7 72.
Bg4+ Kc7 73. Kd5 Kb6 74. Kd6 Kb7 75. Bd7 Kb6 76. Bc6 Ka5 77. Nb3+ Ka6 78. Bd5
Ka7 79. Kc6 Kb8 80. Be6 Ka7 81. Nc5 Ka8 82. Kb6 Kb8 83. Na6+ Ka8 84. Bd5# 1-0

[Event "Aeroflot Open 2011 B"]
[Site "Moscu RUS"]
[Date "2011.02.11"]
[Round "4.46"]
[White "Poetsch, Hagen"]
[Black "Hernandez, Alexander"]
[Result "1-0"]
[WhiteElo "2408"]
[BlackElo "2285"]
[PlyCount "71"]
[EventDate "2011.02.08"]
[EventType "swiss"]
[EventRounds "9"]
[EventCountry "RUS"]
[Source "lmi"]
[SourceDate "2011.02.08"]

1. e4 e5 2. Nf3 Nc6 3. Bc4 Nf6 4. Ng5 d5 5. exd5 Na5 6. Bb5+ c6 7. dxc6 bxc6 8.
Bd3 Ng4 9. Ne4 f5 10. Be2 h5 11. h3 fxe4 12. hxg4 Bc5 13. b4 Qd4 14. bxc5 Qxa1
15. Nc3 e3 16. fxe3 Be6 17. gxh5 O-O-O 18. Bg4 Rhe8 19. O-O Qxc3 20. Bxe6+ Rxe6
21. dxc3 Rxd1 22. Rxd1 Nb7 23. Rf1 Kd7 24. Rf7+ Re7 25. Rxe7+ Kxe7 26. e4 Kf6
27. Be3 Nd8 28. Kf2 Nf7 29. Kf3 g6 30. Kg4 g5 31. Bd2 Nh6+ 32. Kg3 Nf7 33. c4
Nd8 34. Kg4 Ne6 35. Be3 a5 36. a4 1-0

[Event "Aeroflot Open 2011 B"]
[Site "Moscu RUS"]
[Date "2011.02.11"]
[Round "4.47"]
[White "Charochkina, Daria"]
[Black "Tseshkovsky, Vitaly"]
[Result "1-0"]
[WhiteElo "2314"]
[BlackElo "2528"]
[PlyCount "52"]
[EventDate "2011.02.08"]
[EventType "swiss"]
[EventRounds "9"]
[EventCountry "RUS"]
[Source "lmi"]
[SourceDate "2011.02.08"]

1. d4 Nf6 2. c4 g6 3. Nc3 d5 4. cxd5 Nxd5 5. Bd2 Nb6 6. Bf4 Bg7 7. e3 O-O 8.
Nf3 c6 9. Be2 a5 10. O-O Na6 11. h3 Be6 12. e4 f6 13. Rc1 Bf7 14. b3 Rc8 15.
Qc2 Nb4 16. Qb1 Nd7 17. Rfd1 e6 18. a3 Na6 19. Na4 Qe7 20. Nc5 Ndxc5 21. dxc5
e5 22. Be3 Rfd8 23. Nd2 Bf8 24. b4 axb4 25. axb4 Kg7 26. Nc4 Qe8 1-0

[Event "Aeroflot Open 2011 B"]
[Site "Moscu RUS"]
[Date "2011.02.11"]
[Round "4.48"]
[White "Baghdasaryan, Vahe"]
[Black "Delorme, Axel"]
[Result "1-0"]
[WhiteElo "2303"]
[BlackElo "2492"]
[PlyCount "61"]
[EventDate "2011.02.08"]
[EventType "swiss"]
[EventRounds "9"]
[EventCountry "RUS"]
[Source "lmi"]
[SourceDate "2011.02.08"]

1. e4 e5 2. Nf3 Nc6 3. Bb5 a6 4. Ba4 Nge7 5. c3 g6 6. d4 exd4 7. cxd4 b5 8. Bb3
Bg7 9. d5 Na5 10. O-O Nxb3 11. Qxb3 d6 12. Bg5 O-O 13. Re1 h6 14. Be3 c5 15.
Nbd2 f5 16. e5 c4 17. Nxc4 bxc4 18. Qxc4 Bb7 19. exd6 Nxd5 20. Bc5 Kh7 21. Re7
Qb8 22. Rd7 Nf6 23. Rc7 Ne8 24. Re7 Nf6 25. Ne5 Ne4 26. Nd7 Nxd6 27. Rxg7+ Kxg7
28. Qd4+ Kg8 29. Nxb8 Nb5 30. Qc4+ Rf7 31. Re1 1-0

[Event "Aeroflot Open 2011 B"]
[Site "Moscu RUS"]
[Date "2011.02.11"]
[Round "4.49"]
[White "Filipenko, Alexander V"]
[Black "Demianjuk, Alexander"]
[Result "1-0"]
[WhiteElo "2357"]
[BlackElo "2305"]
[PlyCount "71"]
[EventDate "2011.02.08"]
[EventType "swiss"]
[EventRounds "9"]
[EventCountry "RUS"]
[Source "lmi"]
[SourceDate "2011.02.08"]

1. e4 c6 2. d4 d5 3. exd5 cxd5 4. Bf4 Nf6 5. c3 Nc6 6. Bd3 Bg4 7. Nf3 e6 8. Qb3
Qc8 9. Nbd2 Be7 10. O-O O-O 11. Qc2 Bh5 12. Ne5 Bg6 13. Nxg6 hxg6 14. Nf3 Nh5
15. Be5 Nf6 16. Rfe1 Qd7 17. Qe2 Rfe8 18. Rad1 a6 19. Bf4 Nh7 20. h4 Bd8 21. g3
Nf8 22. Ne5 Nxe5 23. dxe5 Qa4 24. a3 Rc8 25. Be3 Nd7 26. Bd4 Nc5 27. Bxc5 Rxc5
28. h5 g5 29. Bb1 Kf8 30. Qd3 Qg4 31. Qh7 Rc4 32. Kg2 Rf4 33. Rd3 Bc7 34. Rde3
Rf5 35. b3 Bb6 36. f3 1-0

[Event "Aeroflot Open 2011 B"]
[Site "Moscu RUS"]
[Date "2011.02.11"]
[Round "4.50"]
[White "Hernandez, Alexander"]
[Black "Oganisjn, Roman"]
[Result "1-0"]
[WhiteElo "2285"]
[BlackElo "2293"]
[PlyCount "95"]
[EventDate "2011.02.08"]
[EventType "swiss"]
[EventRounds "9"]
[EventCountry "RUS"]
[Source "lmi"]
[SourceDate "2011.02.08"]

1. d4 Nf6 2. Nf3 c5 3. dxc5 e6 4. a3 Bxc5 5. b4 Be7 6. c4 d5 7. e3 O-O 8. Bb2
a6 9. Nbd2 Nc6 10. Be2 dxc4 11. Nxc4 b5 12. Nce5 Bb7 13. O-O Qb6 14. Qb3 Nxe5
15. Nxe5 Bd5 16. Qd1 Rfd8 17. Bd4 Qb7 18. Bf3 a5 19. Rc1 axb4 20. axb4 Rac8 21.
Rxc8 Rxc8 22. Nd3 Bxf3 23. Qxf3 Qxf3 24. gxf3 Nd5 25. Bc5 Bf6 26. f4 Nc3 27.
Kg2 Rd8 28. Ne5 Na4 29. Kf3 Rc8 30. Rc1 Be7 31. Nd3 Nxc5 32. bxc5 Kf8 33. Rb1
Rb8 34. e4 Ke8 35. Ke3 Kd7 36. Kd4 Bf6+ 37. e5 Be7 38. Ra1 Kc7 39. Kc3 Rb7 40.
Ra6 Kb8 41. Kb4 Kc7 42. f5 exf5 43. Nf4 Kb8 44. Nd5 Rd7 45. Rd6 Bxd6 46. exd6
h6 47. Kxb5 g5 48. Kc6 1-0

[Event "Aeroflot Open 2011 B"]
[Site "Moscu RUS"]
[Date "2011.02.11"]
[Round "4.51"]
[White "Mansour, Sameer"]
[Black "Saduakassova, Dinara"]
[Result "1-0"]
[WhiteElo "2318"]
[BlackElo "2225"]
[PlyCount "159"]
[EventDate "2011.02.08"]
[EventType "swiss"]
[EventRounds "9"]
[EventCountry "RUS"]
[Source "lmi"]
[SourceDate "2011.02.08"]

1. e4 c5 2. Nf3 d6 3. c3 Nf6 4. Be2 g6 5. O-O Bg7 6. Bb5+ Nc6 7. Re1 Qb6 8. Bf1
O-O 9. h3 Nd7 10. Na3 Nde5 11. d3 a6 12. Nh2 Nd7 13. Nc4 Qc7 14. a4 b6 15. Bg5
h6 16. Bh4 Re8 17. f4 Rb8 18. Ne3 b5 19. axb5 axb5 20. Nd5 Qb7 21. f5 e6 22.
fxe6 fxe6 23. Ne3 b4 24. Nc4 Qc7 25. Bg3 Nde5 26. Ng4 Nf7 27. e5 Ncxe5 28.
Ngxe5 Nxe5 29. Nxe5 Bxe5 30. Bxe5 dxe5 31. Qe2 bxc3 32. bxc3 Rb3 33. c4 Bb7 34.
Qxe5 Qc6 35. Re3 Qb6 36. Rg3 Kh7 37. Qf6 Rg8 38. Re1 Bc8 39. Qf2 Qd6 40. Qe3
Rg7 41. Rg4 Qe7 42. Re4 Rb7 43. Re5 Rc7 44. Be2 Rf7 45. Bg4 Rf6 46. h4 Rc6 47.
h5 Kg7 48. Bf3 Rc7 49. Be4 g5 50. Bd5 Qf7 51. Bf3 Qf8 52. Bg4 Rc6 53. Ra1 Rc7
54. Bxe6 Bxe6 55. Rxe6 Rxe6 56. Qxe6 Qf6 57. Qxf6+ Kxf6 58. Ra6+ Kf5 59. Rxh6
Kg4 60. Kf2 Rd7 61. Ke3 Re7+ 62. Kd2 Rf7 63. Rc6 Rf2+ 64. Ke3 Rxg2 65. Rxc5 Rh2
66. Re5 Rxh5 67. c5 Rh1 68. Ke4 Kh4 69. Kd5 g4 70. Re8 Rc1 71. d4 g3 72. Rg8
Kh3 73. Kd6 g2 74. d5 g1=Q 75. Rxg1 Rxg1 76. c6 Kg4 77. Kc7 Kf5 78. d6 Ke6 79.
d7 Rg7 80. Kc8 1-0

[Event "Aeroflot Open 2011 B"]
[Site "Moscu RUS"]
[Date "2011.02.11"]
[Round "4.52"]
[White "Dolzhykova, Kateryna"]
[Black "Adamowicz, Katarzyna"]
[Result "1-0"]
[WhiteElo "2303"]
[BlackElo "2103"]
[PlyCount "75"]
[EventDate "2011.02.08"]
[EventType "swiss"]
[EventRounds "9"]
[EventCountry "RUS"]
[Source "lmi"]
[SourceDate "2011.02.08"]

1. e4 e5 2. Nf3 Nc6 3. Bb5 a6 4. Bxc6 dxc6 5. O-O f6 6. d4 exd4 7. Nxd4 c5 8.
Nb3 Qxd1 9. Rxd1 Bg4 10. f3 Be6 11. Bf4 Rd8 12. Nc3 Bd6 13. Be3 b6 14. a4 Bxb3
15. cxb3 a5 16. Nb5 Ne7 17. f4 Ng6 18. g3 Kf7 19. Kf2 Rhe8 20. Kf3 Ne7 21. Rd2
Nc8 22. Rad1 Re7 23. Bf2 Ree8 24. g4 g5 25. fxg5 fxg5 26. Bg3 Rf8 27. e5 Be7
28. Nxc7 Rxd2 29. Rxd2 Rd8 30. Rd7 Na7 31. e6+ Kf8 32. Bd6 Rxd7 33. exd7 Nc6
34. Ne6+ Kf7 35. Bxe7 Kxe7 36. d8=Q+ Nxd8 37. Nxd8 Kxd8 38. Ke4 1-0

[Event "Aeroflot Open 2011 B"]
[Site "Moscu RUS"]
[Date "2011.02.11"]
[Round "4.53"]
[White "Berube, Antoine"]
[Black "Zhelesny, Stanislav"]
[Result "1/2-1/2"]
[WhiteElo "2146"]
[BlackElo "2146"]
[PlyCount "111"]
[EventDate "2011.02.08"]
[EventType "swiss"]
[EventRounds "9"]
[EventCountry "RUS"]
[Source "lmi"]
[SourceDate "2011.02.08"]

1. d4 Nf6 2. c4 g6 3. Nc3 d5 4. cxd5 Nxd5 5. e4 Nb6 6. Be3 Bg7 7. h3 O-O 8. Nf3
Nc6 9. Be2 f5 10. exf5 gxf5 11. Qd2 f4 12. Bxf4 Nxd4 13. O-O-O c5 14. Be5 Nxf3
15. Qxd8 Bh6+ 16. Kb1 Bf5+ 17. Ka1 Raxd8 18. Bxf3 Bc2 19. Rxd8 Rxd8 20. Bxb7
Rd2 21. f4 Nd7 22. Bc7 Bg7 23. Re1 Rf2 24. Bf3 Bd4 25. Bd8 e5 26. Bh4 Rd2 27.
Re2 Bxc3 28. bxc3 Rxe2 29. Bxe2 exf4 30. Bf3 Ne5 31. Bd5+ Kg7 32. Be7 Nd3 33.
Bc4 Kg6 34. Be6 a5 35. Bd8 a4 36. Bd7 Ne5 37. Kb2 Be4 38. Bxa4 Bxg2 39. Bb5
Bxh3 40. Bb6 c4 41. Kc2 Be6 42. Kd2 Bd7 43. Bxd7 Nxd7 44. Bd4 Kf5 45. a4 Ke4
46. a5 Nb8 47. Ke2 Na6 48. Kf2 Nc7 49. Bf6 Kd5 50. Bd8 Kc6 51. Kf3 Nd5 52. a6
Nxc3 53. Kxf4 Na4 54. Ke3 Nc5 55. a7 Kb7 56. Bb6 1/2-1/2

[Event "Aeroflot Open 2011 B"]
[Site "Moscu RUS"]
[Date "2011.02.12"]
[Round "5.1"]
[White "Gomez, John Paul"]
[Black "Gavrilov, Alexei"]
[Result "1-0"]
[WhiteElo "2527"]
[BlackElo "2484"]
[PlyCount "115"]
[EventDate "2011.02.08"]
[EventType "swiss"]
[EventRounds "9"]
[EventCountry "RUS"]
[Source "lmi"]
[SourceDate "2011.02.08"]

1. d4 Nf6 2. c4 e6 3. g3 d5 4. Nf3 Bb4+ 5. Bd2 Bd6 6. Bg2 O-O 7. O-O c6 8. Qc2
Nbd7 9. b3 e5 10. cxd5 cxd5 11. dxe5 Nxe5 12. Nc3 Bg4 13. Nxe5 Bxe5 14. Qd3 Re8
15. Rfe1 Qd7 16. Rac1 d4 17. Na4 Rab8 18. Nc5 Qe7 19. e3 dxe3 20. Bxe3 Bb2 21.
Rb1 Qe5 22. Qc2 Bc3 23. Bd2 Qxc5 24. Qxc3 Qxc3 25. Bxc3 b6 26. Rbc1 h6 27. f3
Be6 28. Kf2 Nd5 29. Bd2 a5 30. Bf1 Red8 31. g4 g5 32. h4 Nf4 33. Bc3 Nd3+ 34.
Bxd3 Rxd3 35. hxg5 Rc8 36. Bf6 Rxc1 37. Rxc1 a4 38. gxh6 Kh7 39. Ke2 Rd6 40.
Be5 Rd5 41. Bg7 axb3 42. axb3 Rb5 43. Rd1 Rd5 44. Rxd5 Bxd5 45. b4 b5 46. Ke3
Bb3 47. Kf4 Bd1 48. g5 Kg6 49. Bf6 Be2 50. Ke4 Bd1 51. f4 Bc2+ 52. Ke5 Bd3 53.
f5+ Kh7 54. Be7 Bc4 55. Bc5 Bd3 56. Be3 Kg8 57. g6 fxg6 58. f6 1-0

[Event "Aeroflot Open 2011 B"]
[Site "Moscu RUS"]
[Date "2011.02.12"]
[Round "5.2"]
[White "Wen, Yang"]
[Black "Kotanjian, Tigran"]
[Result "1/2-1/2"]
[WhiteElo "2509"]
[BlackElo "2519"]
[PlyCount "31"]
[EventDate "2011.02.08"]
[EventType "swiss"]
[EventRounds "9"]
[EventCountry "RUS"]
[Source "lmi"]
[SourceDate "2011.02.08"]

1. d4 d5 2. c4 e6 3. Nf3 Nf6 4. g3 dxc4 5. Bg2 c5 6. O-O Nc6 7. dxc5 Qxd1 8.
Rxd1 Bxc5 9. Nbd2 c3 10. bxc3 O-O 11. Ne1 Rd8 12. Nd3 Be7 13. Rb1 Nd5 14. Bb2
Bd7 15. c4 Ndb4 16. Nb3 1/2-1/2

[Event "Aeroflot Open 2011 B"]
[Site "Moscu RUS"]
[Date "2011.02.12"]
[Round "5.3"]
[White "Zhao, Xue"]
[Black "Laylo, Darwin"]
[Result "1/2-1/2"]
[WhiteElo "2494"]
[BlackElo "2516"]
[PlyCount "129"]
[EventDate "2011.02.08"]
[EventType "swiss"]
[EventRounds "9"]
[EventCountry "RUS"]
[Source "lmi"]
[SourceDate "2011.02.08"]

1. d4 Nf6 2. c4 g6 3. f3 d5 4. cxd5 Nxd5 5. e4 Nb6 6. Nc3 Bg7 7. Be3 O-O 8. Qd2
Nc6 9. O-O-O f5 10. e5 Nb4 11. Nh3 Be6 12. Kb1 Qd7 13. Nf4 Bf7 14. a3 N4d5 15.
Ncxd5 Nxd5 16. Bc4 Rad8 17. h4 Nxf4 18. Bxf7+ Rxf7 19. Bxf4 Qb5 20. h5 g5 21.
Bxg5 Bxe5 22. Qc3 Bf6 23. Qxc7 e5 24. Qc1 exd4 25. Bxf6 Rxf6 26. Qg5+ Kf7 27.
h6 Rg8 28. Qh5+ Kf8 29. Qh4 Qb6 30. Rxd4 Rxg2 31. Rb4 Rg1+ 32. Rxg1 Qxg1+ 33.
Ka2 Qg8+ 34. Rb3 Rb6 35. Qd8+ Kf7 36. Qd5+ Kf8 37. Qc5+ Ke8 38. Qc8+ Kf7 39.
Qxf5+ Ke7 40. Qe4+ Kf6 41. Qf4+ Ke7 42. Qh4+ Ke8 43. Qe4+ Kf8 44. Qf4+ Qf7 45.
Qb8+ Ke7 46. Qe5+ Kf8 47. Qc5+ Ke8 48. Qe3+ Kf8 49. a4 Rxb3 50. Qxb3 a5 51. Ka3
Qe7+ 52. Ka2 Qf7 53. Qxf7+ Kxf7 54. Kb3 Kg6 55. Kc4 Kxh6 56. Kd5 Kg5 57. Ke5 h5
58. f4+ Kg6 59. Ke6 Kg7 60. Ke7 Kg6 61. Ke6 Kg7 62. Kf5 Kh6 63. Ke6 Kg7 64. Kf5
Kh6 65. Ke6 1/2-1/2

[Event "Aeroflot Open 2011 B"]
[Site "Moscu RUS"]
[Date "2011.02.12"]
[Round "5.4"]
[White "Obolenskikh, Dmitry"]
[Black "Lenderman, Aleksandr"]
[Result "1/2-1/2"]
[WhiteElo "2567"]
[BlackElo "2549"]
[PlyCount "103"]
[EventDate "2011.02.08"]
[EventType "swiss"]
[EventRounds "9"]
[EventCountry "RUS"]
[Source "lmi"]
[SourceDate "2011.02.08"]

1. e4 c6 2. d4 d5 3. Nc3 dxe4 4. Nxe4 Bf5 5. Ng3 Bg6 6. h4 h6 7. Nf3 Nd7 8. h5
Bh7 9. Bd3 Bxd3 10. Qxd3 e6 11. Bd2 Ngf6 12. O-O-O Be7 13. Qe2 Qc7 14. Ne5 O-O
15. Ng6 Rfe8 16. Nxe7+ Rxe7 17. Ne4 Nxe4 18. Qxe4 Qd6 19. Qh4 Ree8 20. g4 f6
21. Be3 Nb6 22. f4 Nc4 23. Qf2 Rad8 24. Rhg1 Qb4 25. c3 Qa5 26. Kb1 e5 27. fxe5
Nxe3 28. Qxe3 fxe5 29. Rde1 exd4 30. Qxe8+ Rxe8 31. Rxe8+ Kf7 32. Re4 dxc3 33.
Rf1+ Kg8 34. Re8+ Kh7 35. Rff8 c2+ 36. Kc1 Qg5+ 37. Kxc2 Qc5+ 38. Kd3 Qd5+ 39.
Ke3 Qg5+ 40. Kf3 Qd5+ 41. Kg3 Qd3+ 42. Kh4 g5+ 43. hxg6+ Kxg6 44. Rg8+ Kh7 45.
Rh8+ Kg7 46. Reg8+ Kf7 47. Rb8 Qd6 48. Rxb7+ Kg6 49. Rg8+ Kf6 50. Kh3 Qd3+ 51.
Kh4 Qd6 52. Kh3 1/2-1/2

[Event "Aeroflot Open 2011 B"]
[Site "Moscu RUS"]
[Date "2011.02.12"]
[Round "5.6"]
[White "Shimanov, Aleksandr"]
[Black "Kabanov, Nikolai"]
[Result "1/2-1/2"]
[WhiteElo "2520"]
[BlackElo "2482"]
[PlyCount "81"]
[EventDate "2011.02.08"]
[EventType "swiss"]
[EventRounds "9"]
[EventCountry "RUS"]
[Source "lmi"]
[SourceDate "2011.02.08"]

1. d4 d6 2. Nf3 g6 3. g3 Bg7 4. Bg2 Nd7 5. c4 e5 6. Nc3 Ne7 7. O-O O-O 8. e4
exd4 9. Nxd4 Nc6 10. Nde2 a5 11. f4 Re8 12. h3 Nb6 13. b3 a4 14. Be3 axb3 15.
axb3 Rxa1 16. Qxa1 f5 17. Bxb6 cxb6 18. Qd1 Kh8 19. exf5 gxf5 20. Nb5 Qe7 21.
Rf2 Qe3 22. Nxd6 Rf8 23. Bd5 Nb4 24. Kg2 Nxd5 25. cxd5 Bd7 26. Rf3 Qc5 27. Nc4
Rd8 28. Rd3 Bb5 29. Ng1 Ra8 30. Nf3 Ra2+ 31. Rd2 Qxd5 32. Ne3 Rxd2+ 33. Qxd2
Qxb3 34. Nxf5 Bf6 35. N5d4 Qd3 36. Nxb5 Qxb5 37. g4 Qb2 38. g5 Bc3 39. Qxb2
Bxb2 40. f5 b5 41. Kf2 1/2-1/2

[Event "Aeroflot Open 2011 B"]
[Site "Moscu RUS"]
[Date "2011.02.12"]
[Round "5.8"]
[White "Ismagambetov, Anuar"]
[Black "Gabuzyan, Hovhannes"]
[Result "1/2-1/2"]
[WhiteElo "2499"]
[BlackElo "2380"]
[PlyCount "120"]
[EventDate "2011.02.08"]
[EventType "swiss"]
[EventRounds "9"]
[EventCountry "RUS"]
[Source "lmi"]
[SourceDate "2011.02.08"]

1. e4 c5 2. Nf3 d6 3. d4 cxd4 4. Nxd4 Nf6 5. f3 Nc6 6. c4 g6 7. Be3 Bg7 8. Qd2
O-O 9. Nc3 Bd7 10. Be2 Nxd4 11. Bxd4 Bc6 12. O-O a5 13. b3 Nd7 14. Be3 Nc5 15.
Rac1 Qb6 16. Nb5 Rfc8 17. Rc2 Bxb5 18. cxb5 Bh6 19. f4 Qd8 20. Bf3 Qe8 21. Qe2
Ne6 22. Rxc8 Rxc8 23. f5 Bxe3+ 24. Qxe3 Nc5 25. e5 dxe5 26. Qxe5 Qxb5 27. fxg6
hxg6 28. Qxe7 Nd3 29. h3 Qc5+ 30. Qxc5 Nxc5 31. Bd5 Rc7 32. Rf6 Kg7 33. Rb6 Rd7
34. Bc4 Ne4 35. Rb5 Rd1+ 36. Kh2 Nd6 37. Rxa5 Nxc4 38. bxc4 Rc1 39. Rc5 Ra1 40.
Rb5 Rxa2 41. Rxb7 Rc2 42. Rc7 Rc3 43. h4 Kh6 44. g3 Rc2+ 45. Kh3 f5 46. c5 Rc3
47. Kg2 g5 48. c6 gxh4 49. gxh4 f4 50. Rc8 Kh7 51. Kf2 f3 52. Kg3 Kg7 53. Rc7+
Kh6 54. Kf2 Kg6 55. Rc8 Kh6 56. h5 Kh7 57. Kg3 Kg7 58. c7 Kh7 59. h6 f2+ 60.
Kxf2 Rc2+ 1/2-1/2

[Event "Aeroflot Open 2011 B"]
[Site "Moscu RUS"]
[Date "2011.02.12"]
[Round "5.9"]
[White "Smirnov, Pavel"]
[Black "Kuderinov, Kirill"]
[Result "1/2-1/2"]
[WhiteElo "2523"]
[BlackElo "2469"]
[PlyCount "61"]
[EventDate "2011.02.08"]
[EventType "swiss"]
[EventRounds "9"]
[EventCountry "RUS"]
[Source "lmi"]
[SourceDate "2011.02.08"]

1. e4 e5 2. Nf3 Nc6 3. Bb5 a6 4. Ba4 Nf6 5. O-O Be7 6. Re1 b5 7. Bb3 O-O 8. c3
d5 9. exd5 Nxd5 10. Nxe5 Nxe5 11. Rxe5 c6 12. d4 Bd6 13. Re1 Qh4 14. g3 Qh3 15.
Be3 Bg4 16. Qd3 Rae8 17. Nd2 f5 18. f4 Kh8 19. Bxd5 cxd5 20. a4 bxa4 21. Qf1
Qxf1+ 22. Nxf1 Rb8 23. Rxa4 Rxb2 24. Rxa6 Bb8 25. Bc1 Rb1 26. Ne3 Re8 27. Kf2
Bh5 28. Ra2 g5 29. Ra8 gxf4 30. gxf4 Re4 31. Nc2 1/2-1/2

[Event "Aeroflot Open 2011 B"]
[Site "Moscu RUS"]
[Date "2011.02.12"]
[Round "5.10"]
[White "Kalegin, Evgenij"]
[Black "Pavlov, Sergey"]
[Result "0-1"]
[WhiteElo "2462"]
[BlackElo "2530"]
[PlyCount "60"]
[EventDate "2011.02.08"]
[EventType "swiss"]
[EventRounds "9"]
[EventCountry "RUS"]
[Source "lmi"]
[SourceDate "2011.02.08"]

1. e4 e5 2. Nf3 Nc6 3. Bb5 Nge7 4. h4 a6 5. Ba4 d6 6. h5 h6 7. c3 f5 8. exf5
Nxf5 9. Bc2 d5 10. g4 Nfe7 11. Nh4 Be6 12. d4 Qd7 13. Rg1 O-O-O 14. Be3 g5 15.
hxg6 Bg7 16. f3 h5 17. g5 Nf5 18. Nxf5 Bxf5 19. Na3 exd4 20. Bxd4 Rde8+ 21. Kf2
Nxd4 22. cxd4 Rhf8 23. Bxf5 Qxf5 24. Nc2 Qxg6 25. Qd2 Qf5 26. Qc3 Re6 27. Ne1
Rfe8 28. Rc1 Qf4 29. Kf1 Bxd4 30. Ng2 Qg3 0-1

[Event "Aeroflot Open 2011 B"]
[Site "Moscu RUS"]
[Date "2011.02.12"]
[Round "5.11"]
[White "Iljushin, Alexei"]
[Black "Sharafiev, Azat"]
[Result "1/2-1/2"]
[WhiteElo "2527"]
[BlackElo "2462"]
[PlyCount "40"]
[EventDate "2011.02.08"]
[EventType "swiss"]
[EventRounds "9"]
[EventCountry "RUS"]
[Source "lmi"]
[SourceDate "2011.02.08"]

1. d4 Nf6 2. c4 e6 3. g3 c5 4. d5 exd5 5. cxd5 b5 6. e4 Nxe4 7. Qe2 Qe7 8. Bg2
f5 9. Nh3 b4 10. Be3 g6 11. Qc2 d6 12. Nd2 Bg7 13. Nxe4 fxe4 14. Ng5 O-O 15.
Bxe4 Bf5 16. O-O Bxe4 17. Qxe4 Qxe4 18. Nxe4 Bxb2 19. Rab1 Bg7 20. Nxd6 Rd8
1/2-1/2

[Event "Aeroflot Open 2011 B"]
[Site "Moscu RUS"]
[Date "2011.02.12"]
[Round "5.12"]
[White "Shukh, Nikolai"]
[Black "Stupak, Kirill"]
[Result "0-1"]
[WhiteElo "2442"]
[BlackElo "2527"]
[PlyCount "90"]
[EventDate "2011.02.08"]
[EventType "swiss"]
[EventRounds "9"]
[EventCountry "RUS"]
[Source "lmi"]
[SourceDate "2011.02.08"]

1. e4 e6 2. d4 d5 3. Nc3 Nc6 4. Nf3 Nf6 5. e5 Ne4 6. Ne2 f6 7. exf6 Qxf6 8. Ng3
h6 9. Bd3 Nxg3 10. hxg3 g5 11. Bb5 Bd6 12. Qe2 Bd7 13. Bd2 O-O-O 14. O-O-O Rdf8
15. Bxc6 Bxc6 16. g4 Qg6 17. Ne5 Bxe5 18. dxe5 d4 19. f3 Rd8 20. Bb4 Rd7 21.
Rd2 Rhd8 22. Rhd1 b6 23. Qf2 Bd5 24. b3 c5 25. Ba3 a5 26. Bb2 a4 27. Qe2 Ra7
28. Qd3 Qg7 29. Re1 Rdd7 30. Kb1 axb3 31. axb3 Ra8 32. Qb5 Kb7 33. Qd3 Qf8 34.
Kc1 Ra2 35. c4 dxc3 36. Qxc3 Ra5 37. Re3 Qf4 38. Red3 Rb5 39. Qc2 Rc7 40. Kd1
Be4 41. g3 Bxf3+ 42. Kc1 Qe4 43. Qc4 Qe1+ 44. Kc2 Rb4 45. Qxe6 c4 0-1

[Event "Aeroflot Open 2011 B"]
[Site "Moscu RUS"]
[Date "2011.02.12"]
[Round "5.13"]
[White "Lou, Yiping"]
[Black "Durarbeyli, Vasif"]
[Result "1/2-1/2"]
[WhiteElo "2494"]
[BlackElo "2504"]
[PlyCount "101"]
[EventDate "2011.02.08"]
[EventType "swiss"]
[EventRounds "9"]
[EventCountry "RUS"]
[Source "lmi"]
[SourceDate "2011.02.08"]

1. d4 Nf6 2. c4 e6 3. Nc3 Bb4 4. Qc2 b6 5. a3 Bxc3+ 6. Qxc3 Bb7 7. Bg5 h6 8.
Bh4 d6 9. Nf3 Nbd7 10. Nd2 g5 11. Bg3 Nh5 12. e4 Qf6 13. Rc1 e5 14. d5 a5 15.
b3 Ke7 16. h3 Nf4 17. f3 h5 18. h4 g4 19. fxg4 hxg4 20. Bf2 Qg6 21. g3 Nh3 22.
Rxh3 gxh3 23. Bxh3 Nf6 24. Bf5 Qg8 25. c5 bxc5 26. Nc4 Kf8 27. Nxe5 Qg7 28.
Nd7+ Nxd7 29. Bxd7 Qxc3+ 30. Rxc3 Ke7 31. Bg4 Bc8 32. Bd1 Rg8 33. Be3 f6 34.
Bf4 Bg4 35. Bxg4 Rxg4 36. b4 axb4 37. axb4 Ra4 38. bxc5 Rxe4+ 39. Kf2 Rexf4+
40. gxf4 Rxf4+ 41. Kg3 Rd4 42. cxd6+ cxd6 43. Rc7+ Kf8 44. h5 Rxd5 45. h6 Kg8
46. h7+ Kh8 47. Rd7 Rd4 48. Rf7 f5 49. Rxf5 Kxh7 50. Kf3 Kg6 51. Rf8 1/2-1/2

[Event "Aeroflot Open 2011 B"]
[Site "Moscu RUS"]
[Date "2011.02.12"]
[Round "5.14"]
[White "Belous, Vladimir"]
[Black "Dimakiling, Oliver"]
[Result "1-0"]
[WhiteElo "2497"]
[BlackElo "2432"]
[PlyCount "109"]
[EventDate "2011.02.08"]
[EventType "swiss"]
[EventRounds "9"]
[EventCountry "RUS"]
[Source "lmi"]
[SourceDate "2011.02.08"]

1. d4 Nf6 2. c4 e6 3. Nc3 Bb4 4. f3 O-O 5. e4 d6 6. Nge2 c5 7. d5 b5 8. Ng3
bxc4 9. Bxc4 Ba6 10. Bxa6 Nxa6 11. O-O Nc7 12. dxe6 fxe6 13. Bf4 c4 14. Kh1 Qd7
15. Bg5 d5 16. Rc1 Rae8 17. Nce2 Na6 18. Qd4 Nc5 19. Nf4 dxe4 20. Bxf6 gxf6 21.
Rxc4 Qxd4 22. Rxd4 a5 23. a3 e5 24. axb4 exd4 25. bxc5 e3 26. Nd3 Rb8 27. Ne2
Rb3 28. Rd1 a4 29. Nxd4 Rbb8 30. Kg1 a3 31. bxa3 Rfd8 32. Ne1 Rb2 33. c6 Rd2
34. c7 Rc8 35. Rb1 Rxc7 36. Nf5 Rc3 37. Ng3 Ra2 38. Rd1 Rcxa3 39. h3 Kf7 40.
Rd3 Ke6 41. Rxa3 Rxa3 42. Nc2 Rc3 43. Ne2 Rc8 44. Nxe3 Ra8 45. Nf4+ Ke5 46. Nh5
f5 47. Ng3 Ra1+ 48. Kh2 f4 49. Ng4+ Ke6 50. Nh5 Kf5 51. Ng7+ Kg6 52. Ne6 Ra4
53. Nf2 Kf5 54. Nd3 h5 55. h4 1-0

[Event "Aeroflot Open 2011 B"]
[Site "Moscu RUS"]
[Date "2011.02.12"]
[Round "5.15"]
[White "Petrosian, Davit G"]
[Black "Kanter, Eduard"]
[Result "1/2-1/2"]
[WhiteElo "2485"]
[BlackElo "2429"]
[PlyCount "50"]
[EventDate "2011.02.08"]
[EventType "swiss"]
[EventRounds "9"]
[EventCountry "RUS"]
[Source "lmi"]
[SourceDate "2011.02.08"]

1. e4 c5 2. Nf3 d6 3. Nc3 Nc6 4. d4 cxd4 5. Nxd4 g6 6. Be3 Nf6 7. f3 Bg7 8. Qd2
O-O 9. Bc4 Bd7 10. Bb3 Ne5 11. O-O-O Rc8 12. Kb1 Re8 13. h4 h5 14. Bh6 Nc4 15.
Bxc4 Rxc4 16. Bxg7 Kxg7 17. Nd5 e5 18. Nxf6 Qxf6 19. Nb3 Rec8 20. Qxd6 Be6 21.
c3 b5 22. Qd2 Qe7 23. Qd6 Qf6 24. Qd2 Qe7 25. Qd6 Qf6 1/2-1/2